Person by Pen Name - Statistics

General Stats
  • This quiz has been taken 131 times
  • The average score is 4 of 12
Answer Stats
Hint Answer % Correct
Robert Galbraith JK Rowling
74%
Boz Charles Dickens
73%
Acton Bell Anne Brontë
56%
Richard Bachman Stephen King
45%
Mary Westmacott Agatha Christie
34%
Silence Dogood Benjamin Franklin
17%
Clive Hamilton CS Lewis
17%
Nicolas Blake Cecil Day Lewis
16%
Pierre Delecto Mitt Romney
8%
Humphrey Ploughjogger John Adams
7%
Robert Markham Kingsley Amis
7%
John Lange Michael Crichton
6%
No matching quizzes found
Score Distribution
Percent of People with Each Score
Percentile by Number Answered
Your Score History
You have not taken this quiz